[Event "Bodenmais op"]
[Site "Bodenmais"]
[Date "2022.07.30"]
[Round "1"]
[White "Hausner, Ivan"]
[Black "Hagenbeck Huebert, Ben"]
[Result "1/2-1/2"]
[WhiteElo "2290"]
[BlackElo "1792"]
[PlyCount "74"]
[EventDate "2022.07.30"]
[EventType "swiss"]
[EventRounds "9"]
[EventCountry "GER"]
[SourceTitle "CBM 209 Extra"]
[Source "ChessBase"]
[SourceDate "2022.09.30"]
[SourceVersion "1"]
[SourceVersionDate "2022.09.30"]
[SourceQuality "1"]

1. Nf3 d5 2. g3 Nf6 3. Bg2 g6 4. 0-0 Bg7 5. d3 0-0 6. Nbd2 Nbd7 7. e4 dxe4 8. dxe4 e5 9. b3 Nc5 10. Ba3 Nfd7 11. Nc4 Re8 12. Qe2 b5 13. Na5 Ba6 14. c4 bxc4 15. Nxc4 Ne6 16. Rad1 Qc8 17. Bb2 c5 18. Rc1 Nd4 19. Qd2 Nb6 20. Nxb6 axb6 21. Rfe1 Qd7 22. Nxd4 cxd4 23. f4 f6 24. Qb4 Qb5 25. Qxb5 Bxb5 26. a4 Bd7 27. fxe5 fxe5 28. Bf1 Bh6 29. Rc7 Be6 30. Bc1 Bxc1 31. Rexc1 Bxb3 32. Bb5 Red8 33. Rb1 d3 34. Rxb3 d2 35. Be2 Rxa4 36. Rxb6 Rxe4 37. Rbb7 Rxe2 1/2-1/2

[Event "GER-ch Net blitz qual3"]
[Site "Playchess.com INT"]
[Date "2021.05.07"]
[Round "9"]
[White "Foerster, Erik"]
[Black "Hagenbeck Huebert, Ben"]
[Result "1-0"]
[WhiteElo "2248"]
[BlackElo "1793"]
[PlyCount "85"]
[EventDate "2021.05.07"]
[EventType "swiss (blitz)"]
[EventRounds "11"]
[EventCountry "GER"]
[SourceTitle "CBM 202 Extra"]
[Source "ChessBase"]
[SourceDate "2021.07.31"]
[SourceVersion "1"]
[SourceVersionDate "2021.07.31"]
[SourceQuality "1"]

1. Nf3 d5 2. g3 Nf6 3. Bg2 g6 4. 0-0 Bg7 5. d4 0-0 6. Be3 c6 7. Qc1 Nbd7 8. Bh6 Re8 9. Bxg7 Kxg7 10. Rd1 e5 11. dxe5 Nxe5 12. Nxe5 Rxe5 13. e3 Bf5 14. c4 Qb6 15. cxd5 Nxd5 16. Nc3 Nxc3 17. Qxc3 f6 18. Rd6 Qc5 19. Qd2 Rae8 20. Rd1 R5e7 21. h3 h5 22. a3 Qe5 23. b4 Be4 24. Bxe4 Qxe4 25. a4 Qf5 26. Kg2 Qe4+ 27. Kh2 Qe5 28. h4 g5 29. hxg5 Qxg5 30. Qd4 Qf5 31. Kg1 Re4 32. Qxa7 R8e7 33. Qb8 h4 34. Rd8 Qh7 35. R1d7 R4e5 36. Qxb7 Kg6 37. Qxc6 hxg3 38. Qc2+ f5 39. fxg3 Qh6 40. Rd6+ R5e6 41. Rxe6+ Rxe6 42. Qf2 Qg5 43. Rg8+ 1-0

[Event "GER-ch Net blitz qual1"]
[Site "Playchess.com INT"]
[Date "2021.04.24"]
[Round "5"]
[White "Hagenbeck Huebert, Ben"]
[Black "Brinckmann, Ulrich"]
[Result "1-0"]
[WhiteElo "1788"]
[BlackElo "1576"]
[PlyCount "57"]
[EventDate "2021.04.24"]
[EventType "swiss (blitz)"]
[EventRounds "11"]
[EventCountry "GER"]
[SourceTitle "CBM 202 Extra"]
[Source "ChessBase"]
[SourceDate "2021.07.31"]
[SourceVersion "1"]
[SourceVersionDate "2021.07.31"]
[SourceQuality "1"]

1. e4 c5 2. Nc3 e6 3. f4 d5 4. Bb5+ Nd7 5. Bxd7+ Qxd7 6. d3 a6 7. Nf3 d4 8. Ne2 Bd6 9. 0-0 Qc7 10. Bd2 Ne7 11. Qe1 Ng6 12. Qg3 0-0 13. h4 f5 14. e5 Be7 15. h5 Nxe5 16. Nxe5 Bf6 17. Rf2 b5 18. Raf1 Bb7 19. Kh2 Rad8 20. Ng1 c4 21. Ngf3 a5 22. dxc4 bxc4 23. c3 d3 24. Nd4 Bd5 25. Be3 Qb7 26. Kg1 Rb8 27. Kh2 a4 28. a3 Qa7 29. Nxe6 1-0

[Event "GER-chT Lands U20"]
[Site "Berlin"]
[Date "2020.10.01"]
[Round "3.5"]
[White "Hagenbeck Huebert, Ben"]
[Black "Herrmann, Jakob"]
[Result "1/2-1/2"]
[WhiteElo "1749"]
[BlackElo "1504"]
[PlyCount "132"]
[EventDate "2020.09.29"]
[EventType "team-swiss"]
[EventRounds "7"]
[EventCountry "GER"]
[SourceTitle "CBM 198 Extra"]
[Source "ChessBase"]
[SourceDate "2020.11.30"]
[SourceVersion "1"]
[SourceVersionDate "2020.11.30"]
[SourceQuality "1"]
[WhiteTeam "Sachsen U20"]
[BlackTeam "Mecklenburg Vorpommern U20"]
[WhiteTeamCountry "GER"]
[BlackTeamCountry "GER"]

1. d4 Nf6 2. c4 g6 3. Nc3 Bg7 4. e4 d6 5. Be2 0-0 6. Be3 e5 7. d5 Nbd7 8. g4 Nc5 9. f3 a5 10. h4 h5 11. g5 Nfd7 12. Nh3 Qe7 13. Nf2 Kh7 14. Nd3 Nxd3+ 15. Qxd3 Nc5 16. Qc2 Rd8 17. b3 Bd7 18. a3 a4 19. b4 Nb3 20. Ra2 Nd4 21. Qd1 Rf8 22. Bd3 f5 23. Rf2 Qf7 24. Rhf1 fxe4 25. fxe4 Qe7 26. Rxf8 Rxf8 27. Rxf8 Qxf8 28. Be2 Qe8 29. Kd2 c6 30. Qf1 Qe7 31. Bd1 c5 32. bxc5 dxc5 33. Bxa4 Bxa4 34. Nxa4 Nb3+ 35. Kc3 Nd4 36. Qb1 Qd7 37. Nxc5 Qh3 38. Qd3 Qc8 39. Na4 Qa8 40. Kb4 b5 41. cxb5 Bf8+ 42. Nc5 Bxc5+ 43. Kxc5 Qc8+ 44. Kb4 Qf8+ 45. Kc3 Qxa3+ 46. Kd2 Qb2+ 47. Kd1 Qa1+ 48. Bc1 Qa4+ 49. Ke1 Qxb5 50. Qxb5 Nxb5 51. Bb2 Nd6 52. Bxe5 Nxe4 53. d6 Nc5 54. Kd2 Kg8 55. Ke3 Kf7 56. Kd4 Nd7 57. Kd5 Ke8 58. Ke6 Nf8+ 59. Kf6 Nd7+ 60. Kxg6 Nxe5+ 61. Kxh5 Nf7 62. g6 Nxd6 63. Kh6 Kf8 64. Kh7 Ne8 65. h5 Nf6+ 66. Kh6 Nxh5 1/2-1/2

[Event "GER-chT Lands U20"]
[Site "Berlin"]
[Date "2020.09.30"]
[Round "1.5"]
[White "Grabs, Peter"]
[Black "Hagenbeck Huebert, Ben"]
[Result "0-1"]
[WhiteElo "1674"]
[BlackElo "1749"]
[PlyCount "58"]
[EventDate "2020.09.29"]
[EventType "team-swiss"]
[EventRounds "7"]
[EventCountry "GER"]
[SourceTitle "CBM 198 Extra"]
[Source "ChessBase"]
[SourceDate "2020.11.30"]
[SourceVersion "1"]
[SourceVersionDate "2020.11.30"]
[SourceQuality "1"]
[WhiteTeam "Brandenburg U20"]
[BlackTeam "Sachsen U20"]
[WhiteTeamCountry "GER"]
[BlackTeamCountry "GER"]

1. e4 e5 2. Nf3 Nc6 3. Bb5 Nge7 4. 0-0 g6 5. c3 Bg7 6. Re1 0-0 7. d3 d6 8. Be3 Bd7 9. Ba4 f5 10. Bb3+ Kh8 11. Ng5 Qe8 12. Be6 h6 13. Bxd7 Qxd7 14. Nf3 f4 15. Bc1 g5 16. g3 Qh3 17. Kh1 Rf7 18. Ng1 Qe6 19. Qh5 Raf8 20. Nf3 Kg8 21. g4 Nb8 22. Nbd2 Nd7 23. Qh3 Nc5 24. d4 Nd3 25. Re2 exd4 26. cxd4 Nb4 27. Nb3 Qc4 28. Re1 Nc2 29. Nbd2 Qd3 0-1

[Event "GER Pfingstopen U16"]
[Site "Playchess.com INT"]
[Date "2020.06.05"]
[Round "9"]
[White "Fromm, Marius"]
[Black "Hagenbeck Huebert, Ben"]
[Result "0-1"]
[WhiteElo "2009"]
[BlackElo "1655"]
[PlyCount "74"]
[EventDate "2020.06.05"]
[EventType "swiss (blitz)"]
[EventRounds "11"]
[EventCountry "GER"]
[SourceTitle "CBM 197 Extra"]
[Source "ChessBase"]
[SourceDate "2020.09.30"]
[SourceVersion "1"]
[SourceVersionDate "2020.09.30"]
[SourceQuality "1"]

1. e4 e5 2. Nf3 Nc6 3. Bc4 Nf6 4. d3 Bc5 5. 0-0 0-0 6. c3 Bb6 7. h3 h6 8. Re1 d6 9. Nbd2 Be6 10. a4 a6 11. b4 Ne7 12. Nf1 Ng6 13. Be3 Bxc4 14. dxc4 Ba7 15. Bxa7 Rxa7 16. g3 Qd7 17. Kg2 Raa8 18. Qc2 Nh5 19. Ne3 Ne7 20. Nh4 g6 21. Qe2 Kg7 22. Rad1 f5 23. exf5 Nxf5 24. Nhxf5+ Rxf5 25. Nxf5+ Qxf5 26. Qe4 Qf6 27. c5 Rf8 28. Re2 Qg5 29. Qg4 Qf6 30. cxd6 cxd6 31. Qd7+ Rf7 32. Qxd6 Qf3+ 33. Kg1 Qxe2 34. Rd2 Qe1+ 35. Kg2 Qe4+ 36. Kg1 Nf6 37. b5 Rd7 0-1

[Event "GER Pfingstopen U16"]
[Site "Playchess.com INT"]
[Date "2020.06.05"]
[Round "8"]
[White "Hagenbeck Huebert, Ben"]
[Black "Ensslinger, Colin"]
[Result "1/2-1/2"]
[WhiteElo "1655"]
[BlackElo "1826"]
[PlyCount "137"]
[EventDate "2020.06.05"]
[EventType "swiss (blitz)"]
[EventRounds "11"]
[EventCountry "GER"]
[SourceTitle "CBM 197 Extra"]
[Source "ChessBase"]
[SourceDate "2020.09.30"]
[SourceVersion "1"]
[SourceVersionDate "2020.09.30"]
[SourceQuality "1"]

1. e4 c5 2. Nc3 e6 3. f4 Nc6 4. Nf3 d5 5. Bb5 a6 6. Bxc6+ bxc6 7. d3 Be7 8. 0-0 Nf6 9. Qe1 0-0 10. Rb1 a5 11. Bd2 Ba6 12. b3 c4 13. bxc4 dxc4 14. d4 c5 15. dxc5 Bxc5+ 16. Kh1 Qc7 17. Qg3 Bb7 18. Rbe1 Rad8 19. e5 Nd5 20. Ne4 Kh8 21. Qh4 Be7 22. Qh3 c3 23. Bc1 Ba6 24. Rf2 Bc5 25. Nxc5 Qxc5 26. Qg3 Ne7 27. Ng5 h6 28. Ne4 Qb6 29. Qf3 Nd5 30. g4 Bb7 31. g5 Ne7 32. gxh6 gxh6 33. Qh3 Nf5 34. Rf3 Bxe4 35. Rxe4 Rd1+ 36. Rf1 Rfd8 37. Ree1 Qc6+ 38. Kg1 Qc5+ 39. Kh1 Qd5+ 40. Kg1 Qd4+ 41. Kh1 Rxe1 42. Rxe1 Qd5+ 43. Qg2 Qxg2+ 44. Kxg2 Rd4 45. Kf2 Ra4 46. a3 Kg7 47. Rd1 Rd4 48. Ke2 Rxd1 49. Kxd1 Nd4 50. Be3 Nf3 51. Ke2 Nxh2 52. Kd3 Ng4 53. Bb6 h5 54. Bxa5 h4 55. Bb6 h3 56. Bg1 Kf8 57. a4 Ke7 58. Ke2 h2 59. Bxh2 Nxh2 60. a5 Kd7 61. Kd3 Kc7 62. Kxc3 Nf3 63. Kb4 Kb7 64. c4 Nd4 65. Kc5 Nf5 66. Kb5 Nd4+ 67. Kc5 Nf5 68. Kb5 Nd4+ 69. Kc5 1/2-1/2

[Event "GER Pfingstopen U16"]
[Site "Playchess.com INT"]
[Date "2020.06.05"]
[Round "6"]
[White "Hagenbeck Huebert, Ben"]
[Black "Tennigkeit, Paul"]
[Result "1-0"]
[WhiteElo "1655"]
[BlackElo "1620"]
[PlyCount "87"]
[EventDate "2020.06.05"]
[EventType "swiss (blitz)"]
[EventRounds "11"]
[EventCountry "GER"]
[SourceTitle "CBM 197 Extra"]
[Source "ChessBase"]
[SourceDate "2020.09.30"]
[SourceVersion "1"]
[SourceVersionDate "2020.09.30"]
[SourceQuality "1"]

1. e4 e5 2. Nf3 Nc6 3. Nc3 Bc5 4. Nxe5 Nxe5 5. d4 Bd6 6. dxe5 Bxe5 7. Ne2 Nf6 8. f4 d6 9. fxe5 dxe5 10. Qxd8+ Kxd8 11. Bg5 Bg4 12. 0-0-0+ Ke7 13. Bxf6+ gxf6 14. h3 Bh5 15. g4 Bg6 16. Ng3 b6 17. Nf5+ Bxf5 18. gxf5 Rad8 19. Bb5 Rd4 20. Rxd4 exd4 21. Rd1 c5 22. c3 Rd8 23. cxd4 cxd4 24. Kd2 Kd6 25. Kd3 Ke5 26. Bc6 Rg8 27. Bd5 Rg3+ 28. Kc4 Rxh3 29. Rxd4 Rh2 30. Kc3 h5 31. Rd2 Rxd2 32. Kxd2 h4 33. Ke2 Kf4 34. Kf2 a5 35. Kg2 b5 36. Kh3 Ke3 37. Kxh4 Kd2 38. Bc6 b4 39. Bd5 Kc2 40. Bxf7 Kxb2 41. Kh5 a4 42. Kg6 b3 43. Bxb3 axb3 44. axb3 1-0

[Event "GER Cup Net V4 U2000"]
[Site "Playchess.com INT"]
[Date "2020.05.31"]
[Round "3"]
[White "Hagenbeck Huebert, Ben"]
[Black "Priepke, Wolfgang"]
[Result "0-1"]
[WhiteElo "1674"]
[BlackElo "2036"]
[PlyCount "68"]
[EventDate "2020.05.31"]
[EventType "swiss (blitz)"]
[EventRounds "9"]
[EventCountry "GER"]
[SourceTitle "EXT 2021"]
[Source "ChessBase"]
[SourceDate "2020.10.23"]
[SourceVersion "1"]
[SourceVersionDate "2020.10.23"]
[SourceQuality "1"]

1. e4 c5 2. Nc3 e6 3. f4 a6 4. Nf3 b5 5. Be2 Bb7 6. d3 Nc6 7. a3 Qc7 8. 0-0 Nh6 9. h3 f5 10. e5 Rg8 11. Ng5 0-0-0 12. Nxh7 Be7 13. Ng5 Nd4 14. Nf3 Nf7 15. Nxd4 cxd4 16. Na2 g5 17. Bf3 Bxf3 18. Qxf3 Kb8 19. Nb4 Qb6 20. Bd2 g4 21. hxg4 Rxg4 22. Rf2 Rh8 23. Rd1 Bh4 24. Re2 a5 25. Na2 Rhg8 26. Nc1 Rg3 27. Qf1 Qc6 28. Bxa5 Nxe5 29. fxe5 Rf3 30. Rf2 Bxf2+ 31. Qxf2 Rxf2 32. Kxf2 Qxg2+ 33. Ke1 Qg1+ 34. Kd2 Qe3# 0-1

[Event "GER Cup Net V4 U2000"]
[Site "Playchess.com INT"]
[Date "2020.05.31"]
[Round "7"]
[White "Helbig, Dirk"]
[Black "Hagenbeck Huebert, Ben"]
[Result "0-1"]
[WhiteElo "1552"]
[BlackElo "1674"]
[PlyCount "64"]
[EventDate "2020.05.31"]
[EventType "swiss (blitz)"]
[EventRounds "9"]
[EventCountry "GER"]
[SourceTitle "EXT 2021"]
[Source "ChessBase"]
[SourceDate "2020.10.23"]
[SourceVersion "1"]
[SourceVersionDate "2020.10.23"]
[SourceQuality "1"]

1. c4 e5 2. Nc3 Nc6 3. g3 f5 4. Bg2 Nf6 5. e3 Bb4 6. a3 Bxc3 7. bxc3 d6 8. Ne2 0-0 9. 0-0 Bd7 10. d3 Rb8 11. Rb1 Qe8 12. d4 Qh5 13. d5 Ne7 14. h3 g5 15. Bd2 Qh6 16. f4 gxf4 17. exf4 e4 18. Nd4 Nh5 19. Qe1 Qg6 20. Kh2 Kh8 21. Qe2 Nxg3 22. Qf2 Nxf1+ 23. Rxf1 Rg8 24. Rg1 Rg7 25. Bxe4 Qxg1+ 26. Qxg1 Rxg1 27. Kxg1 fxe4 28. Kf2 Nf5 29. Nxf5 Bxf5 30. h4 Rg8 31. Ke3 Rg3+ 32. Kd4 Rd3# 0-1

[Event "GER Cup Net V4 U2000"]
[Site "Playchess.com INT"]
[Date "2020.05.31"]
[Round "8"]
[White "Stumpf, Daniel"]
[Black "Hagenbeck Huebert, Ben"]
[Result "1-0"]
[WhiteElo "1792"]
[BlackElo "1674"]
[PlyCount "89"]
[EventDate "2020.05.31"]
[EventType "swiss (blitz)"]
[EventRounds "9"]
[EventCountry "GER"]
[SourceTitle "EXT 2021"]
[Source "ChessBase"]
[SourceDate "2020.10.23"]
[SourceVersion "1"]
[SourceVersionDate "2020.10.23"]
[SourceQuality "1"]

1. c4 e5 2. Nc3 Nc6 3. Nf3 f5 4. d4 e4 5. Ng5 h6 6. Nh3 Bb4 7. e3 Bxc3+ 8. bxc3 Nf6 9. Be2 0-0 10. Nf4 d6 11. h4 Bd7 12. Rb1 Rb8 13. Ba3 Qe8 14. h5 Qf7 15. d5 Ne5 16. c5 Qe7 17. cxd6 cxd6 18. Qc2 Rfc8 19. c4 Rc7 20. 0-0 Rbc8 21. Rfc1 b5 22. Ng6 Nxg6 23. hxg6 bxc4 24. Bxc4 Rxc4 25. Qxc4 Rxc4 26. Rb8+ Rc8 27. Rcxc8+ Bxc8 28. Rxc8+ Ne8 29. Bxd6 Qd7 30. Ra8 Qxd6 31. Rxe8+ Qf8 32. Rxf8+ Kxf8 33. Kh2 Ke7 34. Kg3 Kd6 35. Kf4 Kxd5 36. Kxf5 a5 37. a4 Kc4 38. Kxe4 Kb4 39. Kd4 Kxa4 40. Kc4 Ka3 41. e4 Kb2 42. Kb5 Kc3 43. Kxa5 Kd4 44. f3 Ke5 45. Kb5 1-0

[Event "GER Cup Net V3 U2000"]
[Site "Playchess.com INT"]
[Date "2020.05.27"]
[Round "6"]
[White "Grosse, Manfred"]
[Black "Hagenbeck Huebert, Ben"]
[Result "1-0"]
[WhiteElo "1660"]
[BlackElo "1753"]
[PlyCount "101"]
[EventDate "2020.05.27"]
[EventType "swiss (blitz)"]
[EventRounds "9"]
[EventCountry "GER"]
[SourceTitle "EXT 2021"]
[Source "ChessBase"]
[SourceDate "2020.10.23"]
[SourceVersion "1"]
[SourceVersionDate "2020.10.23"]
[SourceQuality "1"]

1. e4 e5 2. d4 exd4 3. Qxd4 Nc6 4. Qe3 Nf6 5. Bd2 Qe7 6. Nc3 d6 7. 0-0-0 Be6 8. Nf3 0-0-0 9. Ng5 h6 10. Nxe6 Qxe6 11. f4 Be7 12. h3 Rhe8 13. g4 Bf8 14. Bb5 Kb8 15. Qg3 a6 16. Ba4 Nxe4 17. Nxe4 Qxe4 18. Bb3 Nd4 19. Kb1 Nxb3 20. axb3 Qc6 21. Bc3 d5 22. Bd4 f6 23. Qd3 Bc5 24. Bxc5 Qxc5 25. Rhe1 Rxe1 26. Rxe1 Qd6 27. f5 Qd7 28. Re6 c6 29. Qd4 Re8 30. Qe3 Rxe6 31. fxe6 Qe7 32. c3 Kc8 33. Kc2 Kd8 34. Kd3 Qd6 35. Qa7 Qc7 36. Qc5 Qe7 37. Qb6+ Ke8 38. Qe3 Qd6 39. Qb6 Qg3+ 40. Kc2 Qh2+ 41. Kb1 Qb8 42. Qc5 Qc7 43. Qe3 b6 44. h4 Qd8 45. Qf4 Ke7 46. Qf5 Qd6 47. Qg6 Kxe6 48. Qxg7 Qf4 49. Qg8+ Kd6 50. Qb8+ Ke6 51. Qxf4 1-0

[Event "GER Cup Net V3 U2000"]
[Site "Playchess.com INT"]
[Date "2020.05.27"]
[Round "5"]
[White "Hagenbeck Huebert, Ben"]
[Black "Deckert, Frank2222"]
[Result "0-1"]
[WhiteElo "1753"]
[BlackElo "1653"]
[PlyCount "102"]
[EventDate "2020.05.27"]
[EventType "swiss (blitz)"]
[EventRounds "9"]
[EventCountry "GER"]
[SourceTitle "EXT 2021"]
[Source "ChessBase"]
[SourceDate "2020.10.23"]
[SourceVersion "1"]
[SourceVersionDate "2020.10.23"]
[SourceQuality "1"]

1. e4 c6 2. d4 d5 3. e5 Bf5 4. Bd3 Bxd3 5. Qxd3 e6 6. f4 Qa5+ 7. c3 Qa6 8. Qc2 g6 9. Nf3 Bg7 10. Be3 Ne7 11. g4 h5 12. g5 Nf5 13. Bf2 Nd7 14. Nbd2 0-0 15. a3 Rfc8 16. Nh4 Nxh4 17. Bxh4 c5 18. Bf2 cxd4 19. Bxd4 Nc5 20. Be3 b5 21. Kf2 Rab8 22. Rhd1 Qc6 23. Nb3 Nxb3 24. Qxb3 a6 25. Qc2 a5 26. Qd2 b4 27. axb4 axb4 28. cxb4 Qc4 29. Rac1 Qe4 30. Rxc8+ Rxc8 31. Rc1 Rb8 32. Bc5 Bf8 33. Bxf8 Kxf8 34. Rc2 Rxb4 35. Rc8+ Kg7 36. Kg3 Rb3+ 37. Rc3 Rb4 38. Rf3 Rd4 39. Qc1 Rc4 40. Qd2 Qf5 41. h3 Re4 42. Qb4 Re2 43. Qb8 h4+ 44. Kxh4 Rh2 45. Qd6 Rg2 46. Qe7 Qe4 47. Qf6+ Kg8 48. Qd8+ Kg7 49. Qf6+ Kg8 50. Rb3 Qe1+ 51. Rg3 Qxg3# 0-1

[Event "GER Cup Net V2 U2000"]
[Site "Playchess.com INT"]
[Date "2020.05.22"]
[Round "9"]
[White "Hagenbeck Huebert, Ben"]
[Black "Jansen, Dirk"]
[Result "1/2-1/2"]
[WhiteElo "1758"]
[BlackElo "1613"]
[PlyCount "53"]
[EventDate "2020.05.22"]
[EventType "swiss (blitz)"]
[EventRounds "9"]
[EventCountry "GER"]
[SourceTitle "EXT 2021"]
[Source "ChessBase"]
[SourceDate "2020.10.23"]
[SourceVersion "1"]
[SourceVersionDate "2020.10.23"]
[SourceQuality "1"]

1. e4 e6 2. d4 d5 3. Nc3 Bb4 4. exd5 exd5 5. Nf3 Nc6 6. Bb5 Nge7 7. Ne5 0-0 8. Nxc6 Nxc6 9. Bxc6 bxc6 10. 0-0 Bd6 11. Qf3 Be6 12. Bd2 Qd7 13. h3 Rab8 14. Rab1 Rfe8 15. Rfe1 Re7 16. Bg5 f6 17. Bd2 Rbe8 18. Re2 Bf5 19. Rxe7 Rxe7 20. Rc1 Be4 21. Qh5 Bg6 22. Qf3 Qe8 23. Be3 Bb4 24. Qe2 Bd6 25. Qf3 Be4 26. Qg4 Bg6 27. Qf3 1/2-1/2

[Event "GER Cup Net V2 U2000"]
[Site "Playchess.com INT"]
[Date "2020.05.22"]
[Round "6"]
[White "Radi, Guenter"]
[Black "Hagenbeck Huebert, Ben"]
[Result "1-0"]
[WhiteElo "1727"]
[BlackElo "1758"]
[PlyCount "101"]
[EventDate "2020.05.22"]
[EventType "swiss (blitz)"]
[EventRounds "9"]
[EventCountry "GER"]
[SourceTitle "EXT 2021"]
[Source "ChessBase"]
[SourceDate "2020.10.23"]
[SourceVersion "1"]
[SourceVersionDate "2020.10.23"]
[SourceQuality "1"]

1. d4 d5 2. Nf3 Nf6 3. c4 c6 4. Nc3 g6 5. Bg5 Bg7 6. e3 Bf5 7. Qb3 Nbd7 8. Qxb7 Qc8 9. Qxc8+ Rxc8 10. c5 Rb8 11. b3 0-0 12. Be2 h6 13. Bf4 Rb7 14. 0-0 Ne4 15. Nxe4 Bxe4 16. Nd2 Bf5 17. g4 Be6 18. h3 g5 19. Bg3 Nf6 20. Rab1 Bd7 21. b4 Bc8 22. a3 Re8 23. Nb3 Ne4 24. Bh2 Nc3 25. Rb2 Nxe2+ 26. Rxe2 Rd7 27. Na5 Ba6 28. Rfe1 Bxe2 29. Rxe2 Rc8 30. Kg2 f6 31. f3 e5 32. dxe5 fxe5 33. f4 exf4 34. exf4 Rf7 35. f5 Bf6 36. Re6 Bb2 37. Nxc6 Kf8 38. a4 Ba3 39. Ne5 Rd8 40. Rxh6 Re7 41. Ng6+ Ke8 42. Nxe7 Kxe7 43. c6 Bxb4 44. Rh7+ Kf6 45. Rxa7 Rc8 46. c7 d4 47. Rb7 Bc5 48. Kf3 d3 49. Rb8 Rxc7 50. Bxc7 d2 51. Ke2 1-0

[Event "GER Cup Net V1 U2000"]
[Site "Playchess.com INT"]
[Date "2020.05.19"]
[Round "3"]
[White "Niebergall, Gerhard"]
[Black "Hagenbeck Huebert, Ben"]
[Result "0-1"]
[WhiteElo "1816"]
[BlackElo "1744"]
[PlyCount "66"]
[EventDate "2020.05.19"]
[EventType "swiss (blitz)"]
[EventRounds "9"]
[EventCountry "GER"]
[SourceTitle "EXT 2021"]
[Source "ChessBase"]
[SourceDate "2020.10.23"]
[SourceVersion "1"]
[SourceVersionDate "2020.10.23"]
[SourceQuality "1"]

1. e4 e5 2. Nf3 Nc6 3. Nc3 Nf6 4. d4 exd4 5. Nxd4 Bb4 6. Nxc6 bxc6 7. Bd3 0-0 8. 0-0 h6 9. e5 Bxc3 10. bxc3 Nd5 11. Bd2 d6 12. c4 Nb6 13. Qh5 f5 14. Bc3 Be6 15. c5 dxc5 16. Rad1 Nd5 17. Bd2 Qe7 18. c4 Nb6 19. Qe2 Qf7 20. Rc1 Rad8 21. Be3 Qe7 22. Rfd1 Rd7 23. f4 Rfd8 24. Bc2 Rxd1+ 25. Bxd1 Nxc4 26. Rxc4 Bxc4 27. Qxc4+ Kh7 28. Bb3 Qd7 29. h3 Qd3 30. Qf7 Qxe3+ 31. Kh2 Qxf4+ 32. Kh1 Qxe5 33. Bc4 Rd1+ 0-1

[Event "GER Cup Net V1 U2000"]
[Site "Playchess.com INT"]
[Date "2020.05.19"]
[Round "8"]
[White "Stumpf, Daniel"]
[Black "Hagenbeck Huebert, Ben"]
[Result "0-1"]
[WhiteElo "1785"]
[BlackElo "1744"]
[PlyCount "46"]
[EventDate "2020.05.19"]
[EventType "swiss (blitz)"]
[EventRounds "9"]
[EventCountry "GER"]
[SourceTitle "EXT 2021"]
[Source "ChessBase"]
[SourceDate "2020.10.23"]
[SourceVersion "1"]
[SourceVersionDate "2020.10.23"]
[SourceQuality "1"]

1. c4 e5 2. Nc3 Nc6 3. Nf3 f5 4. d4 exd4 5. Nxd4 Nxd4 6. Qxd4 Nf6 7. Qe5+ Be7 8. Qxf5 d5 9. Qd3 d4 10. Nb5 c5 11. Bf4 0-0 12. Nc7 Rb8 13. Nb5 Ra8 14. Nc7 Rb8 15. Nd5 Nxd5 16. Bxb8 Bf5 17. Qd2 Nb4 18. Be5 Nc2+ 19. Kd1 Nxa1 20. g4 Bg6 21. h4 Bxh4 22. f3 Bg5 23. Qe1 Bc2# 0-1

[Event "GER-ch U18 sf Berlin Online"]
[Site "Playchess.com INT"]
[Date "2020.05.01"]
[Round "9"]
[White "Tschernatsch, Johannes"]
[Black "Hagenbeck Huebert, Ben"]
[Result "1-0"]
[WhiteElo "1803"]
[BlackElo "1644"]
[PlyCount "51"]
[EventDate "2020.05.01"]
[EventType "swiss (blitz)"]
[EventRounds "13"]
[EventCountry "GER"]
[SourceTitle "CBM 195 Extra"]
[Source "ChessBase"]
[SourceDate "2020.05.31"]
[SourceVersion "1"]
[SourceVersionDate "2020.05.31"]
[SourceQuality "1"]

1. e4 e5 2. Nf3 Nc6 3. Bb5 Nge7 4. 0-0 g6 5. c3 Bg7 6. d4 exd4 7. cxd4 d5 8. e5 0-0 9. Nc3 a6 10. Bd3 Bf5 11. Bg5 f6 12. exf6 Bxf6 13. Bxf6 Rxf6 14. h3 Bxd3 15. Qxd3 Nf5 16. Rad1 Qd6 17. Rfe1 Rd8 18. Ne5 Re6 19. Ng4 Ncxd4 20. Nh6+ Kg7 21. Nxf5+ Nxf5 22. Rxe6 Qxe6 23. Nxd5 c6 24. Nf4 Qe1+ 25. Rxe1 Rxd3 26. Nxd3 1-0

[Event "GER-ch Net Amateur Gr-B Vor3"]
[Site "Playchess.com INT"]
[Date "2020.04.16"]
[Round "7"]
[White "May, Alexander"]
[Black "Hagenbeck Huebert, Ben"]
[Result "1/2-1/2"]
[WhiteElo "1636"]
[BlackElo "1684"]
[PlyCount "65"]
[EventDate "2020.04.16"]
[EventType "swiss (blitz)"]
[EventRounds "9"]
[EventCountry "GER"]
[SourceTitle "CBM 195 Extra"]
[Source "ChessBase"]
[SourceDate "2020.05.31"]
[SourceVersion "1"]
[SourceVersionDate "2020.05.31"]
[SourceQuality "1"]

1. d4 d5 2. Nf3 Nf6 3. e3 g6 4. Bd3 Bg7 5. Nbd2 0-0 6. 0-0 Bg4 7. b3 c6 8. Bb2 Nbd7 9. c4 Re8 10. Qc2 Rc8 11. Ne5 Nxe5 12. dxe5 Nd7 13. f4 f6 14. exf6 exf6 15. e4 dxe4 16. Nxe4 Re6 17. h3 Bf5 18. Rad1 Qe7 19. Rf2 Bxe4 20. Bxe4 Nc5 21. Bf3 Re1+ 22. Rf1 Rxf1+ 23. Kxf1 Rd8 24. Ba3 Rxd1+ 25. Qxd1 Bf8 26. Qd4 Qd6 27. Bxc5 Qxc5 28. Qxf6 Qe3 29. Qb2 Qxf4 30. Qf2 Qc1+ 31. Qe1 Qb2 32. Qe2 Qxe2+ 33. Kxe2 1/2-1/2

[Event "GER-ch Net Amateur Gr-B Vor3"]
[Site "Playchess.com INT"]
[Date "2020.04.16"]
[Round "3"]
[White "Tietz, Bennit"]
[Black "Hagenbeck Huebert, Ben"]
[Result "1/2-1/2"]
[WhiteElo "1569"]
[BlackElo "1685"]
[PlyCount "61"]
[EventDate "2020.04.16"]
[EventType "swiss (blitz)"]
[EventRounds "9"]
[EventCountry "GER"]
[SourceTitle "CBM 195 Extra"]
[Source "ChessBase"]
[SourceDate "2020.05.31"]
[SourceVersion "1"]
[SourceVersionDate "2020.05.31"]
[SourceQuality "1"]

1. e4 e5 2. Nf3 Nc6 3. Bc4 Nf6 4. Nc3 Bb4 5. d3 0-0 6. Bd2 h6 7. a3 Bc5 8. 0-0 d6 9. Be3 Bb6 10. h3 Be6 11. Bxe6 fxe6 12. Qd2 d5 13. Rad1 d4 14. Bxh6 dxc3 15. Qg5 Ne8 16. Qg3 Qf6 17. Bg5 Qf7 18. Nxe5 Nxe5 19. Qxe5 cxb2 20. Qxb2 Nf6 21. Bxf6 Qxf6 22. Qxf6 Rxf6 23. c4 Bd4 24. a4 Raf8 25. Rd2 b6 26. g3 Rf3 27. Kg2 Be3 28. Re2 Bd4 29. Rd2 Bc3 30. Rdd1 Bd4 31. Rd2 1/2-1/2